Sports Quiz

Random Sports or Hockey Quiz

Field Hockey quiz Stats

 Plays Quiz not verified by Sporcle

Support Sporcle.
Go Orange.
Score 0/10 Timer 07:00
0 Plays Today
Question Answer % Correct
Name one of the three main types of player on all most teamsDefender, Attacker, Centre
61.4%
Up to how many people can be playing at any time?16
50.7%
These timing each are how long?35 minutes
47.5%
What is a green card?A warning
45.8%
The timing for field hockey is in?Halves
43.8%
What is a yellow card?Five minute suspension with no substitution
25.9%
What is a red card?Sent off
23.9%
What is the minimum number of players in play at any time?7
5.1%
Field hockey was first played when?19th century
4.9%
All field players must at least have?Mouth guard, Hockey stick, shin guards
0.4%

You're not logged in!

Compare scores with friends on all Sporcle quizzes.
OR
Log In

From the Vault

'80s Movie Title Match-Up

by khands

Oh hey '80s, we didn't see you there hidden among all of these amazing movies!
Remove Ads.
Support Sporcle.
Get the best of Sporcle when you Go Orange. This ad-free experience offers more features, more stats, and more fun while also helping to support Sporcle. Thank you for becoming a member.

Show Comments

Extras

Created Feb 25, 2011ReportNominate
Tags:Hockey Quiz, field

Top Quizzes Today


Score Distribution

Your Account Isn't Verified!

In order to create a playlist on Sporcle, you need to verify the email address you used during registration. Go to your Sporcle Settings to finish the process.

Report this User

Report this user for behavior that violates our Community Guidelines.

Details: